Encounter with buddhism: (Record no. 153115)

MARC details
000 -LEADER
fixed length control field 00758nam a22001937a 4500
005 - DATE AND TIME OF LATEST TRANSACTION
control field 20180701114713.0
010 ## - LCCN (DPL NO)
LC control number B-158518
020 ## - INTERNATIONAL STANDARD BOOK NUMBER
International Standard Book Number 8121511593
035 ## - SYSTEM CONTROL NUMBER
System control number B-158518
037 ## - SOURCE OF ACQUISITION
Source of stock number/acquisition Munshiram Manoharlal Publishers Pvt. Ltd.
082 ## - DEWEY DECIMAL CLASSIFICATION NUMBER
Classification number 250
100 ## - MAIN ENTRY--PERSONAL NAME
Personal name Pandit, Moti Lal
245 ## - TITLE STATEMENT
Title Encounter with buddhism:
Remainder of title A study of the evolution of buddhist thought
Statement of responsibility, etc Moti Lal Pandit
260 ## - PUBLICATION, DISTRIBUTION, ETC. (IMPRINT)
Place of publication, distribution, etc New Delhi
Name of publisher, distributor, etc Munshiram Manoharlal Publishers Pvt. Ltd.
Date of publication, distribution, etc 2005
270 ## - ADDRESS
Address Post Box 5715, Rani Jhansi Road, New Delhi-110055
City New Delhi
Postal code 110055
300 ## - PHYSICAL DESCRIPTION
Extent 313p.
Dimensions 22cm(hb)
942 ## - ADDED ENTRY ELEMENTS (KOHA)
Source of classification or shelving scheme Dewey Decimal Classification
Item type English Books
Classification part 250
Call number suffix PAN
Holdings
Withdrawn status Lost status Not for loan Collection code Home library Current library Date acquired Full call number Barcode Copy number Koha item type
      Non-fiction Sarojini Nagar Sarojini Nagar 01/07/2018 250 PAN B-158518 1 English Books

© Delhi Public Library
Hit Counter
free hit counter